| 000 | 00452nam a22001577a 4500 | ||
|---|---|---|---|
| 003 | LK-CoDNM | ||
| 005 | 20240814124632.0 | ||
| 008 | 240814b |||||||| |||| 00| 0 eng d | ||
| 040 |
_aLK-CoDNM _dLK-CoDNM _eLK-CoDNM |
||
| 080 |
_a10 _bU24 |
||
| 100 | _aKNOWILES L.C A | ||
| 245 | _aTHE ECONMIC DEVELOPMENT OF THE BRITICH OVERSEAS EMPIRE | ||
| 260 |
_aLONDON _bGEROGE ROUTLEDGE & SONS ,LTD _c1930 |
||
| 300 | _aXXI, 616P. : MAP ; 23 CM | ||
| 942 | _cBK | ||
| 999 |
_c147669 _d147669 |
||